| 000 | 00455nam a22001337a 4500 | ||
|---|---|---|---|
| 008 | 151102b xxu||||| |||| 00| 0 eng d | ||
| 050 | _aP 95 .S3 1972 | ||
| 100 |
_aScheidel, Thmas M. _d1972. |
||
| 245 |
_aSpeech Communication and Human Interaction _cThomas M. Scheidel. |
||
| 260 |
_aLondon, _bSxcott, Foresman and Company, _c1972. |
||
| 300 |
_a397p. :ill. _bincludes index, |
||
| 650 | _aCommunication | ||
| 942 |
_2lcc _cBOOKS _hP 95 .S3 1972 |
||
| 999 |
_c9780 _d9780 |
||